| 000 | 00835nam2a22002531 4500 | ||
|---|---|---|---|
| 001 | RU\NLR\INFOCOMM7\5000052982 | ||
| 005 | 20040208175837.1 | ||
| 035 | _a(NLR Aleph) 002365761 | ||
| 090 |
_a4556624 _c4556624 |
||
| 100 | _a20040208d1964 |||y0rusy50 ca | ||
| 101 | 0 | _arus | |
| 102 | _aRU | ||
| 105 | _ay ||||000|y | ||
| 200 | 1 |
_aИзмерение частоты в диапазоне СВЧ _fЛ.В. Пластинин |
|
| 210 | _d1964 | ||
| 461 | 0 |
_1001RU\NLR\INFOCOMM7\5000052070 _12001#$aБиблиографический указатель литературы$fМ-во радиопром. СССР$v№661 |
|
| 700 | 1 |
_aПластинин _bЛ. В. _4070 |
|
| 801 | 0 |
_aRU _bNLR _gPSBO |
|
| 801 | 1 |
_aRU _bInfoComm _c20040208 |
|
| 852 |
_aNLR _jС359-410/Г72 |
||
| 942 | _cISSUE | ||
| 980 | _aNB | ||
| 980 | _aRUSPER | ||